000 00548nam a2200181Ia 4500
008 100920s9999 xx 000 0 und d
082 _b99489
_a891.43 न 05
100 _aतांती देवेश.
245 _aनेत्रदान.
260 _bपराग प्रकाशन, नई दिल्ली.
_c2005
300 _a167
_bसाधी
365 _b175
520 _aहिंदी.
630 _aनेत्रदान.
650 _aहिंदी.
730 _aनेत्रदान.
942 _cBOOK
999 _c739927
_d739924